[Event "World Cup U16 Prel"]
[Site "Tornelo INT"]
[Date "2021.08.16"]
[Round "3"]
[White "Soham, Bhattacharyya"]
[Black "Chakkoli, Anirud"]
[Result "1-0"]
[WhiteElo "2004"]
[BlackElo "1585"]
[PlyCount "53"]
[EventDate "2021.08.16"]
[EventType "swiss (rapid)"]
[EventRounds "10"]
[EventCountry "NET"]
[SourceTitle "EXT 2025"]
[Source "ChessBase"]
[SourceDate "2024.10.14"]
[SourceVersion "1"]
[SourceVersionDate "2024.10.14"]
[SourceQuality "1"]

1. d4 Nf6 2. Bf4 d5 3. e3 c5 4. dxc5 e6 5. b4 a5 6. c3 Nc6 7. Bb5 axb4 8. cxb4 Bd7 9. Qb3 b6 10. Bxc6 Bxc6 11. b5 Bd7 12. c6 Bc8 13. a4 Ne4 14. Nf3 Bd6 15. Qb2 0-0 16. Bxd6 Qxd6 17. 0-0 f5 18. Nc3 Rf6 19. Ne2 Rh6 20. Qe5 Qxe5 21. Nxe5 Nc5 22. a5 Rxa5 23. Rxa5 bxa5 24. b6 Ba6 25. Rc1 Bxe2 26. b7 Nxb7 27. cxb7 1-0

[Event "World Cup U16 Prel"]
[Site "Tornelo INT"]
[Date "2021.08.16"]
[Round "1"]
[White "Soham, Bhattacharyya"]
[Black "Theocharous, Vassilis"]
[Result "1-0"]
[WhiteElo "2004"]
[BlackElo "1356"]
[PlyCount "53"]
[EventDate "2021.08.16"]
[EventType "swiss (rapid)"]
[EventRounds "10"]
[EventCountry "NET"]
[SourceTitle "EXT 2025"]
[Source "ChessBase"]
[SourceDate "2024.10.14"]
[SourceVersion "1"]
[SourceVersionDate "2024.10.14"]
[SourceQuality "1"]

1. d4 Nf6 2. Bf4 g6 3. Nc3 Bg7 4. e4 d6 5. Qd2 Nbd7 6. 0-0-0 0-0 7. e5 Nh5 8. Bh6 c6 9. Nf3 d5 10. g4 Nxe5 11. Nxe5 Bxe5 12. dxe5 Bxg4 13. Be2 Bxe2 14. Nxe2 Ng7 15. Ng3 f5 16. h4 Rf7 17. h5 Ne6 18. Ne2 Qb6 19. Nf4 Nc5 20. f3 Qc7 21. e6 Rf6 22. Bg5 Rff8 23. hxg6 hxg6 24. Nxg6 Nxe6 25. Nxf8 Nxg5 26. Qxg5+ Kxf8 27. Qg6 1-0

[Event "World Cup U16 Prel"]
[Site "Tornelo INT"]
[Date "2021.08.16"]
[Round "2"]
[White "Yoo, Christopher Woojin"]
[Black "Soham, Bhattacharyya"]
[Result "1-0"]
[WhiteElo "2479"]
[BlackElo "2004"]
[PlyCount "97"]
[EventDate "2021.08.16"]
[EventType "swiss (rapid)"]
[EventRounds "10"]
[EventCountry "NET"]
[SourceTitle "EXT 2025"]
[Source "ChessBase"]
[SourceDate "2024.10.14"]
[SourceVersion "1"]
[SourceVersionDate "2024.10.14"]
[SourceQuality "1"]

1. e4 e5 2. Nf3 Nf6 3. Nc3 Nc6 4. a4 d5 5. Bb5 dxe4 6. Nxe5 Qd6 7. d4 exd3 8. Nxc6 bxc6 9. Bxd3 Qe5+ 10. Qe2 Qxe2+ 11. Nxe2 Be6 12. 0-0 Bc5 13. b3 Nd5 14. Bb2 0-0 15. Nd4 Bd7 16. Nf3 f6 17. Bc4 Rfe8 18. Rad1 Be6 19. Nd4 Bxd4 20. Rxd4 Bf7 21. h3 Re7 22. b4 a5 23. b5 Nb6 24. Bd3 c5 25. Rg4 Kh8 26. Rh4 h6 27. Rxh6+ Kg8 28. Rh4 Rd8 29. Ba3 Re5 30. f4 Red5 31. Bh7+ Kf8 32. Be4 Nxa4 33. Bxd5 Rxd5 34. Rh8+ Ke7 35. Ra8 Nb6 36. Rxa5 Nc4 37. Ra7 Kd8 38. Rf3 Nd6 39. Rd3 Rxd3 40. cxd3 Nxb5 41. Ra8+ Kd7 42. Bxc5 Bd5 43. Rh8 Kc6 44. Bf8 g6 45. Rh6 Bf7 46. f5 gxf5 47. Rxf6+ Nd6 48. Bxd6 cxd6 49. Rxf7 1-0